| 000 | 01355nam a2200169 a 4500 | ||
|---|---|---|---|
| 020 | _a0813309263 (U.S. : alk. paper) | ||
| 020 | _a1863731156 (Australia : alk. paper) | ||
| 040 | _cDLC | ||
| 082 | 0 | 0 | _a959 DAV 1982 C096 Or. |
| 100 | 1 | _aChandler, David P. | |
| 245 | 1 | 2 | _aA history of Cambodia / |
| 260 |
_aBoulder : _bWestview Press ; _aNorth Sydney, NSW, Australia : _bAllen & Unwin, _c1992. |
||
| 300 |
_axv, 287 p. : _bill., maps ; _c24 cm. |
||
| 520 | _a"This thoroughly revised and updated edition of A History of Cambodia provides a timely look at this increasingly visible Southeast Asian nation. Hailed by the Journal of Asian Studies as an "original contribution, superior to any other existing work," the first edition ended in 1953 with Cambodia's independence from France; the second carries the narrative forward to the peace negotiations of 1990. In the new material, Chandler focuses especially on the unstable but influential career of Prince Norodom Sihanouk, the bloody reign of Pol Pot's Khmer Rouge, and the relative calm that followed the Vietnamese invasion of 1979. This concise yet comprehensive work will illuminate--for specialists and general readers alike--the history and contemporary politics of a country long misunderstood."--BOOK JACKET. | ||
| 856 | 4 | 0 | _uhttps://archive.org/details/historyofcambodi00chan |
| 942 | _cAEDBB | ||
| 999 |
_c22343 _d22343 |
||